000 00516nam a2200181Ia 4500
003 IN-BaIIA
008 211028s9999 xx 000 0 eng d
040 _cIIA Library
080 _a523.9
_bDAU
100 _aDauvillier, A.
_93893
245 0 _aPhysique solaire et geophysique
_cA. Dauvillier
260 _aParis
_bMasson
_c1962
300 _a361p.
650 _aAstronomy and astrophysics thesaurus
650 _aGeophysics
_954
650 _aSun
_91200
942 _cBK
999 _c2074
_d2074